| 000 | nam a22 7a 4500 | ||
|---|---|---|---|
| 999 |
_c332195 _d332195 |
||
| 003 | NUST | ||
| 005 | 20171117111253.0 | ||
| 008 | 171117b xxu||||| |||| 00| 0 eng d | ||
| 020 | _a9788189741877 | ||
| 040 | _c0 | ||
| 082 | _a628.5 MAR | ||
| 100 |
_aMarandi,Dr Reza _96499 |
||
| 245 |
_aEnvironmental Biotechnology _cDr Reza Marandi |
||
| 260 |
_aNew Delhi _bSBS _c2009 |
||
| 300 | _a679p. | ||
| 500 | _aH.B | ||
| 942 |
_2ddc _cBK _kIESE |
||